Follow that Line: Only Fools and Horses (Specials II) Quiz Stats

 Plays Quiz not verified by Sporcle

Score 0/24 Timer 06:00
0 Plays Today
% Correct
Boycie: Chuck him on the back seat? He's the driver!
95%
Trigger: Yeah, but not at night.
94.7%
Del: The explanation is simple. We intend to eat them.
94.5%
Del: Well, it's this - earthy sort.
94.4%
Del: Yeah, that'll do fine if you're out of brandy.
93.8%
Trigger: No, I made them for him.
93.8%
Del: Got it. It's a bic.
93.6%
Del: Well, yuppies.
92.5%
Denzil: Yes, I remember. I was doing detention in there at the time.
91.5%
Del: No, honest, its not Concorde fuel, it's anti-freeze from the Starship Enterprise!
91.3%
Trigger: Yeah? I thought he was p***ed.
91.2%
Rodney: Well, this time, I reckon that 'He Who Dared' cocked it right up.
90.8%
% Correct
Rodney: You must have made more bloody noise than me, then!
89.5%
Del: Shut up!
88.8%
Trigger: Del knows what he's taking about. And I don't see what the Beatles' manager has got to do with it, anyway.
88.5%
Del: Well, sit down, bruv, let me have a go!
87.8%
Mike: Trigger still doesn't know which end of the dart to throw.
87.7%
Rodney: Our coach has just blown up!
86.7%
Del: Yeah. Like who gets custody of Barbie and Ken.
86.6%
Del: Well, go back to bed then.
86.6%
Rodney: And some b*****d's nicked me bike.
85.5%
Rodney: That's the way, Del. Nice and easy.
85.2%
Rodney: I'm expecting a visit from Lennie Henry and Bob Geldorf soon!
79.4%
Trigger: And I lost my dolphin!
78.8%

You're not logged in!

Compare scores with friends on all Sporcle quizzes.
OR
Log In

You Might Also Like...

Show Comments

Extras

Top Quizzes Today


Score Distribution

Your Account Isn't Verified!

In order to create a playlist on Sporcle, you need to verify the email address you used during registration. Go to your Sporcle Settings to finish the process.

Report this User

Report this user for behavior that violates our Community Guidelines.

Details: